Stanovenie nekovových a polokovových prvkov atómovou absorpčnou spektrometriou a prietokovými elektroanalytickými metódami.

Salvato in:
Dettagli Bibliografici
Autore principale: Čacho, František (Autore)
Altri autori: (Relatore della tesi)
Natura: Manoscritto Libro
Lingua:slovacco
Pubblicazione: 2021
Soggetti:
Accesso online:http://is.stuba.sk/zp/portal_zp.pl?podrobnosti_zp=82458
Tags: Aggiungi Tag
Nessun Tag, puoi essere il primo ad aggiungerne!!

MARC

LEADER 00000ntm a22000003a 4500
001 stuzp82458
003 SK-STU
005 20210320210253.2
007 ta
008 150427s2015----xo-----f-mn---000-0-slo-d
040 |a STU  |b slo 
041 0 |a slo 
100 1 |a Čacho, František  |u 040906  |k Z1  |4 aut  |U FCHPT Dekanát  |T FCHPT Projektové stredisko  |X 19738  |U 040906  |Y 693  |7 A0000019738 
242 0 1 |a Determination of non-metallic and semi-metallic elements by atomic absorption spectrometry and flow-through electroanalytical methods  |y eng 
245 1 0 |a Stanovenie nekovových a polokovových prvkov atómovou absorpčnou spektrometriou a prietokovými elektroanalytickými metódami. 
260 |c 2021 
650 4 |a Atómová absorpčná spektrometria  |2 slo 
650 4 |a prietoková chronopotenciometria  |2 slo 
650 4 |a nekovy  |2 slo 
650 4 |a polokovy  |2 slo 
650 4 |a flow-through chronopotentiometry  |2 eng 
650 4 |a non-metals, semi-metals.  |2 eng 
650 4 |a Atomic absorption spectrometry  |2 eng 
700 1 |a ,  |4 ths  |X null  |7 null 
856 4 |u http://is.stuba.sk/zp/portal_zp.pl?podrobnosti_zp=82458